| 000 | 00595nam a22002057a 4500 | ||
|---|---|---|---|
| 003 | OSt | ||
| 005 | 20140310182104.0 | ||
| 008 | 130824t xxu||||| |||| 00| 0 eng d | ||
| 020 | _a07114903955 | ||
| 020 | _a0451522648 | ||
| 050 |
_aPR 2802 _b.Sh527 1988 |
||
| 082 |
_aHS 822.33S1 _bSh1 1988 |
||
| 100 |
_aShakespeare,William _91777 |
||
| 245 |
_aThe Tragedy of anthony and cleopatra / _cWilliam Shakespeare. |
||
| 260 |
_aNew york : _bPenguin group, _c1998. |
||
| 300 |
_a297 p. ; _c18 cm. |
||
| 650 |
_aAnthony and cleopatra _xTragedies _xTitle _xSeries _912955 |
||
| 942 | _2lcc | ||
| 999 |
_c9252 _d9252 |
||